| 000 | 00359nam a22001577a 4500 | ||
|---|---|---|---|
| 999 |
_c10459 _d10459 |
||
| 003 | OSt | ||
| 008 | 210216b ||||| |||| 00| 0 eng d | ||
| 020 | _a9788131709948 | ||
| 100 | _aHALSALL,Fred | ||
| 245 | _aMultimedia Communications | ||
| 250 | _a23rd IMP | ||
| 260 |
_aNew Delhi _bPearson _c2019 |
||
| 300 | _a1056 | ||
| 650 | _aCSECS | ||
| 942 |
_2ddc _cBK |
||